000 00373nam a2200121 4500
008 250929b |||||||| |||| 00| 0 eng d
022 _a0257-7364
245 _aThe South East Asian Review
_cEdited by Sachchidanand Sahai
260 _aNew Delhi
_bPrints Publications Pvt Ltd
_cJanuary,2024
300 _aVol 49
310 _aYearly
_bJanuary,2024
942 _2ddc
_cSR
_mSOU
_s1
999 _c213488
_d213488